Underestimating the real growth of GDP, personal income, and productivity (Record no. 114761)

000 -LEADER
fixed length control field 00549pab a2200217 454500
008 - FIXED-LENGTH DATA ELEMENTS--GENERAL INFORMATION
fixed length control field 180718b2017 xxu||||| |||| 00| 0 eng d
100 ## - MAIN ENTRY--PERSONAL NAME
Personal name Feldstein, Martin
245 ## - TITLE STATEMENT
Title Underestimating the real growth of GDP, personal income, and productivity
Remainder of title
260 ## - PUBLICATION, DISTRIBUTION, ETC.
Date of publication, distribution, etc. 2017
300 ## - PHYSICAL DESCRIPTION
Extent p.145-164.
362 ## - DATES OF PUBLICATION AND/OR SEQUENTIAL DESIGNATION
Dates of publication and/or sequential designation Spring
520 ## - SUMMARY, ETC.
Summary, etc.
650 ## - SUBJECT ADDED ENTRY--TOPICAL TERM
Topical term or geographic name entry element Productivity
650 ## - SUBJECT ADDED ENTRY--TOPICAL TERM
Topical term or geographic name entry element Income
650 ## - SUBJECT ADDED ENTRY--TOPICAL TERM
Topical term or geographic name entry element Economic growth
690 ## - LOCAL SUBJECT ADDED ENTRY--TOPICAL TERM (OCLC, RLIN)
Topical term or geographic name as entry element
773 ## - HOST ITEM ENTRY
Main entry heading Journal of Economic Perspectives
906 ## - LOCAL DATA ELEMENT F, LDF (RLIN)
a
908 ## - PUT COMMAND PARAMETER (RLIN)
Put command parameter
909 ## -
-- 114767
Holdings
Withdrawn status Lost status Damaged status Not for loan Permanent Location Current Location Date acquired Serial Enumeration / chronology Barcode Date last seen Price effective from Koha item type
        Indian Institute of Public Administration Indian Institute of Public Administration 2018-07-19 Volume no: 31, Issue no: 2 AR115227 2018-07-19 2018-07-19 Articles

Powered by Koha